000 00634nam a2200217 a 4500
003 BD-DhJNU
005 20250504065859.0
008 200126s1959 bg ||||| b||| 00| 0 eng d
020 _a9845601243
040 _aBD-DhJNU
_bENG
_cBD-DhJNU
_dBD-DhJNU
082 _223
_a306.09 KAS
100 _aKarim, Abdul
245 _aSocial history of the Muslims in Bengal :
_b(down to A. D. 1538) /
_cAbdul Karim
250 _a3rd ed.
260 _aDhaka :
_bJatiya Grantha Prakashan,
_c2001.
300 _a247 p. ;
_c22 cm.
650 _aMuslims.
650 _aMuslims
_zIndia--Bengal.
650 _aBengal (India)
_xHistory.
942 _cBK
999 _c1655
_d1655